Geography Quiz

Random Geography or State Quiz

States Minus Postal Abbreviations Quiz Stats

 Plays Quiz Updated Jun 5, 2013

Challenge
Share
Tweet
Embed
Score 0/50 Timer 05:00
4 Plays Today
Hint State % Correct
ew exicoNew Mexico
91.4%
ew orkNew York
91.2%
ew erseyNew Jersey
91.2%
orth akotaNorth Dakota
91.1%
outh akotaSouth Dakota
91.1%
hode slandRhode Island
91.1%
oridaFlorida
91.1%
est irginiaWest Virginia
91%
outh arolinaSouth Carolina
91%
orth aroliaNorth Carolina
91%
liforniCalifornia
90.9%
braskaNebraska
90.9%
shingtonWashington
90.9%
ew ampsireNew Hampshire
90.8%
irginiVirginia
90.5%
ennsylvniPennsylvania
90.4%
chganMichigan
90.3%
sconsnWisconsin
90%
issuriMissouri
89.6%
sschusettsMassachusetts
89.5%
iiippiMississippi
89.4%
arylanMaryland
89.4%
omingWyoming
89.2%
eesseeTennessee
88.8%
entucKentucky
88.7%
Hint State % Correct
iesotaMinnesota
88.3%
ahoIdaho
87.1%
ermonVermont
84.8%
ouisinLouisiana
84.4%
knssArkansas
79%
lawarDelaware
78.8%
onanaMontana
78.6%
owIowa
77.9%
eadaNevada
77.7%
ainMaine
75.9%
lahmaOklahoma
74.3%
bmAlabama
67.3%
awaHawaii
66.1%
onneiuConnecticut
64.2%
ahUtah
62.5%
egnOregon
61.2%
iOhio
60.2%
lradColorado
59.4%
eoriGeorgia
55.3%
nosIllinois
49.7%
easTexas
48%
daaIndiana
44.7%
lsAlaska
44.1%
rionArizona
38.8%
anaKansas
33.8%

You're not logged in!

Compare scores with friends on all Sporcle quizzes.
Join for Free
OR
Log In

You Might Also Like...

Show Comments

Extras

Top Quizzes Today


Score Distribution

Your Account Isn't Verified!

In order to create a playlist on Sporcle, you need to verify the email address you used during registration. Go to your Sporcle Settings to finish the process.

Report this User

Report this user for behavior that violates our Community Guidelines.

Details: